书目信息 |
| 题名: |
体育游戏
|
|
| 作者: | 于振峰 , 赵宗跃 , 孟刚 主编 | |
| 分册: | ||
| 出版信息: | 北京 高等教育出版社 2007 |
|
| 页数: | 492页 | |
| 开本: | 23cm | |
| 丛书名: | ||
| 单 册: | ||
| 中图分类: | G898.1 , G898 | |
| 科图分类: | ||
| 主题词: | 体育--游戏--高等学校--教材 , 体育 , 游戏 | |
| 电子资源: | ||
| ISBN: | 978-7-04-021783-4 | |
| 000 | 01087nam0 2200313 450 | |
| 001 | 012015000701 | |
| 005 | 20150914152335.43 | |
| 010 | @a978-7-04-021783-4@dCNY30.80 | |
| 100 | @a20070924d2007 em y0chiy50 ea | |
| 101 | 0 | @achi |
| 102 | @aCN@b110000 | |
| 105 | @aa z 000yy | |
| 106 | @ar | |
| 200 | 1 | @a体育游戏@Ati yu you xi@f于振峰,赵宗跃,孟刚主编 |
| 205 | @a2版 | |
| 210 | @a北京@c高等教育出版社@d2007 | |
| 215 | @a492页@c图@d23cm | |
| 300 | @a高等学校教材 普通高等教育“十一五”国家级规划教材 | |
| 330 | @a本书重点阐述了游戏与体育游戏的理论,包括我国学校体育游戏发展概况、少年儿童体育游戏教学的特点与策略、体育游戏的创编技法与程序、体育游戏的教学、体育游戏与心理健康、体育游戏与社会适应、篮球类游戏、排球类游戏等内容。 | |
| 606 | 0 | @a体育@x游戏@x高等学校@j教材 |
| 606 | 0 | @a体育 |
| 606 | 0 | @a游戏 |
| 690 | @aG898.1@v5 | |
| 690 | @aG898@v5 | |
| 701 | 0 | @a于振峰@Ayu zhen feng@f(1957.3~)@4主编 |
| 701 | 0 | @a赵宗跃@Azhao zong yue@4主编 |
| 701 | 0 | @a孟刚@Ameng gang@f(1960~)@4主编 |
| 801 | 0 | @aCN@b碧洲教育@c20150718 |
| 905 | @a10447@f4@dG898.1@e300=2 | |
| 体育游戏/于振峰,赵宗跃,孟刚主编.-2版.-北京:高等教育出版社,2007 |
| 492页:图;23cm |
| 高等学校教材 普通高等教育“十一五”国家级规划教材 |
| ISBN 978-7-04-021783-4:CNY30.80 |
| 本书重点阐述了游戏与体育游戏的理论,包括我国学校体育游戏发展概况、少年儿童体育游戏教学的特点与策略、体育游戏的创编技法与程序、体育游戏的教学、体育游戏与心理健康、体育游戏与社会适应、篮球类游戏、排球类游戏等内容。 |
| ● |
| 相关链接 |
|
|
|
|
正题名:体育游戏
索取号:G898.1/300=2
 
预约/预借
| 序号 | 登录号 | 条形码 | 馆藏地/架位号 | 状态 | 备注 |
| 1 | 0848377 | 208483773 | 第一样本阅览室/ [索取号:G898.1/300=2] | 在馆 | |
| 2 | 0848378 | 208483782 | 第四借阅区/ [索取号:G898.1/300=2] | 在馆 | |
| 3 | 0848379 | 208483791 | 第四借阅区/ [索取号:G898.1/300=2] | 在馆 | |
| 4 | 0848380 | 208483808 | 第四借阅区/ [索取号:G898.1/300=2] | 在馆 |